000 00303nam a2200133Ia 4500
082 _a615.53
_bC 13 G
100 _aGIRI,RAJNESH V.
245 _aSYNOPSISON CARAKA SAMHITA
260 _bCHAUKHAMBHA PUB. NEW DELHI
_c2012
300 _a226
650 _aAYURVEDA
653 _aSAMHITA
942 _2ddc
_cBK
_04
999 _c7731
_d7731